| Tag |
First Indicator |
Second Indicator |
Subfields |
| LEADER |
00000cam a2200000 4500 |
| 001 |
in00000084648 |
| 005 |
20151008053202.0 |
| 008 |
760928s1953 nyu 00000 eng |
| 010 |
|
|
|a 53011142
|
| 035 |
|
|
|a (OCoLC)02470272
|
| 035 |
|
|
|9 AAH6567AM
|
| 040 |
|
|
|a DLC
|c OHI
|d TXA
|d UtOrBLW
|
| 049 |
|
|
|a TXAM
|c [233006]
|
| 050 |
|
0 |
|a LB3051
|b .G68 1953
|
| 092 |
|
|
|a 371.26
|b G799me2
|
| 100 |
1 |
|
|a Greene, Harry A.
|q (Harry Andrew),
|d 1889-1974.
|
| 245 |
1 |
0 |
|a Measurement and evaluation in the elementary school /
|c [by] Harry A . Greene, Albert N. Jorgensen [and] J. Raymond Gerberich.
|
| 250 |
|
|
|a [2d ed.].
|
| 264 |
|
1 |
|a New York :
|b Longmans, Green,
|c 1953.
|
| 300 |
|
|
|a 617 pages :
|b illustrations ;
|c 22 cm.
|
| 336 |
|
|
|a text
|b txt
|2 rdacontent
|
| 337 |
|
|
|a unmediated
|b n
|2 rdamedia
|
| 338 |
|
|
|a volume
|b nc
|2 rdacarrier
|
| 650 |
|
0 |
|a Educational tests and measurements.
|
| 999 |
|
|
|a MARS
|
| 999 |
f |
f |
|s e867d629-3154-329d-8e0b-d415d905e8e4
|i cba027f4-1446-34c0-a32d-daf50c79b8e3
|t 0
|
| 952 |
f |
f |
|p normal
|a Texas A&M University
|b College Station
|c Sterling C. Evans Library
|d Evans: Library Stacks
|t 0
|e LB3051 .G68 1953
|h Library of Congress classification
|i unmediated -- volume
|m A14800833141
|
| 998 |
f |
f |
|a LB3051 .G68 1953
|t 0
|l Evans: Library Stacks
|